00301nam a2200121Ia 4500008004100000041000900041082001700050100002800067245002900095260003900124300000800163650000800171230718s9999 xx 000 0 und d aEng. a34505bSED-C aSeddiquia Falshw-ud-din 0aCode of criminal Proceed aPakistanbLaw Bode Publisherc2003 a812 aLaw